| 000 | 00000nam##2200000za#4500 |
| 001 | 9.572174 |
| 003 | CaOODSP |
| 005 | 20210624183103 |
| 007 | cr ||||||||||| |
| 008 | 150406|2009||||xxc|||||o f|0| 0 eng|d |
| 040 | |aCaOODSP|beng |
| 043 | |an-cn--- |
| 086 | 1 |aPS4-80/2009E-PDF |
| 110 | 1 |aCanada. |bPublic Safety Canada. |
| 245 | 10|aCommunity mobilisation dialogue with Aboriginal communities / |h[electronic resource]|cmade possible through the Department of Public Safety Canada, in cooperation with various First Nations including Ojibwe, Mi'kmaq, Dene, Salish, Blackfoot, along with Aboriginal organisations in Toronto. |
| 260 | |aOttawa - Ontario : |bPublic Safety Canada |c2009. |
| 300 | |a92p.|bglossary, references |
| 490 | 1 |aAboriginal peoples collection|vAPC 30 CA |
| 500 | |aThe catalogue number (PS4-80/2009E) and ISBN (978-1-100-14299-9) for the print edition have been incorrectly copied in this electronic publication. |
| 590 | |a11-26-Supp|b2011-11-03 |
| 775 | 08|tDialogue sur la mobilisation communautaire avec les collectivités autochtones / |w(CaOODSP)9.602585 |
| 830 | #0|aAboriginal peoples collection ;|vAPC 30 CA|w(CaOODSP)9.505239 |
| 856 | 40|ahttp://publications.gc.ca|qPDF|s333 KB|uhttps://publications.gc.ca/collections/collection_2011/sp-ps/PS4-80-2009-eng.pdf|yAPC 30 CA |